| 000 | 00553nam a2200193Ia 4500 | ||
|---|---|---|---|
| 005 | 20250507130254.0 | ||
| 008 | 008 250505s9999 xx 000 0 eng d | ||
| 037 | _aSeries Article | ||
| 040 |
_aEASL _beng _cEASL |
||
| 041 |
_aeng _2eng |
||
| 084 | _qEASL | ||
| 100 |
_aPalu Louie _9670525 |
||
| 245 | 0 | _aLaFrontera:weaving above,below and across the crime-riddled U.S-Mexico border | |
| 260 |
_aUSA _bWashington Carnegie Endowment _c2013 |
||
| 300 | _a86 | ||
| 650 | _aForeign Policy | ||
| 942 | _cSRA | ||
| 999 |
_c1318695 _d1318695 |
||